000 00441pab a2200169 454500
008 180718b2013 xxu||||| |||| 00| 0 eng d
100 _aMaulick, Barna
245 _aEducation for rural people - A crucial factor for sustainable development
260 _c2013
300 _ap.11-14.
362 _aSep
650 _aSustainable development
650 _aEducation
773 _aKurukshetra (English)
908 _aN
909 _a100674
999 _c100673
_d100673